[Event "FRA-chT3 0405"]
[Site "France"]
[Date "2005.01.09"]
[Round "5"]
[White "Bigot, Bernard"]
[Black "Legay, Caroline"]
[Result "1-0"]
[WhiteElo "1840"]
[BlackElo "1300"]
[PlyCount "95"]
[EventDate "2004.10.10"]
[EventType "team"]
[EventRounds "9"]
[EventCountry "FRA"]
[SourceTitle "EXT 2007"]
[Source "ChessBase"]
[SourceDate "2006.11.23"]
[SourceVersion "1"]
[SourceVersionDate "2006.11.23"]
[SourceQuality "1"]

1. d4 d5 2. Nf3 Nf6 3. Bg5 Bf5 4. Nbd2 Nc6 5. e3 Nb4 6. Bb5+ c6 7. Ba4 e6 8. a3 Na6 9. 0-0 Be7 10. Ne5 0-0 11. Qe2 Ne4 12. Bxe7 Qxe7 13. Nxe4 Bxe4 14. f3 Bf5 15. Nxc6 bxc6 16. Qxa6 Qg5 17. Qe2 Rab8 18. b4 Rfe8 19. f4 Qg6 20. Rac1 Bg4 21. Qe1 Bh3 22. Qg3 Qxg3 23. hxg3 Bf5 24. Bxc6 Rec8 25. b5 a6 26. a4 axb5 27. axb5 Rc7 28. c4 Bd3 29. c5 Bxf1 30. Kxf1 h6 31. Rc2 Kh7 32. Kf2 Kg6 33. Kf3 Kf5 34. Ra2 Rcc8 35. Ra5 g5 36. g4+ Kf6 37. e4 dxe4+ 38. Bxe4 Ke7 39. b6 gxf4 40. Kxf4 f5 41. gxf5 exf5 42. Bf3 Ke6 43. b7 Rc7 44. c6 Kd6 45. Ra8 Rxc6 46. Bxc6 Kc7 47. Rxb8 Kxb8 48. Kxf5 1-0